| 000 | 00897nam a2200301 a 4500 | ||
|---|---|---|---|
| 003 | AR-BaBNM | ||
| 005 | 20251128210050.0 | ||
| 008 | 082120s2002 ||||||||||||||000 | spa|| | ||
| 020 | _a978-9238-17-6 | ||
| 040 | _cAR-BaBNM | ||
| 100 | 1 | _aMéndez D`alessio, Celia | |
| 245 | 0 | 0 |
_aPlaneamiento en la escuela _bdel proyecto institucional al proyecto de aula |
| 260 |
_aBuenos Aires _bGEEMA _c1998 |
||
| 300 | _a67 p. | ||
| 490 | 0 | _aPropuestas para educadores | |
| 504 | _aContiene bibliografía p. 69 | ||
| 650 | 4 | _aOBJETIVOS EDUCACIONALES | |
| 650 | 4 | _aDIAGNOSTICO EDUCACIONAL | |
| 650 | 4 | _aPLANIFICACION DEL PROGRAMA | |
| 650 | 4 | _aEXPECTATIVAS EDUCACIONALES | |
| 650 | 4 | _aEVALUACION | |
| 653 | _aPROYECTO EDUCATIVO INSTITUCIONAL | ||
| 653 | _aPROBLEMAS EDUCATIVOS | ||
| 700 | 1 | _aPanaia de Göette, María Isabel | |
| 800 | 1 | _aSalles, Norma | |
| 942 | _cBK | ||
| 998 | _cRaquel | ||
| 999 |
_c13874 _d13874 |
||